| 000 | 01668nam a2200493 i 4500 | ||
|---|---|---|---|
| 001 | 53147 | ||
| 003 | KOSZ 005 | ||
| 005 | 20210622093640.0 | ||
| 008 | 070122s2006 pl a f f |000 0 pol | ||
| 015 | _aUWD 2007/3925 | ||
| 020 | _a8372994854 | ||
| 020 | _a9788372994851 | ||
| 035 | _a991032794149705066 | ||
| 035 | _a(PL-WaBN)b1879371x-48omnis_nlop | ||
| 035 | _ab1879371x | ||
| 035 | _a(OCoLC)749563102 | ||
| 035 | _azz2007980716 | ||
| 035 | _a(PL)b0000001879371 | ||
| 035 | _a(EXLNZ-48OMNIS_NETWORK)9910354826905606 | ||
| 040 |
_aWA N _cWA N _dKOSZ 005/HR |
||
| 046 | _k2006 | ||
| 080 | _a528 | ||
| 080 | _a(07) | ||
| 100 | 1 |
_aŁyszkowicz, Adam _d(1945- ) _eAutor |
|
| 245 | 1 | 0 |
_aGeodezja czyli Sztuka mierzenia Ziemi / _cAdam Łyszkowicz ; Uniwersytet Warmińsko-Mazurski w Olsztynie. |
| 246 | 3 | 0 | _aSztuka mierzenia Ziemi |
| 260 |
_aOlsztyn : _bWydawnictwo Uniwersytetu Warmińsko-Mazurskiego, _c2006. |
||
| 300 |
_a446 s. : _bil. (w tym kolor.) ; _c25 cm. |
||
| 336 |
_aTekst _btxt _2rdacontent |
||
| 337 |
_aBez urządzenia pośredniczącego _bn _2rdamedia |
||
| 338 |
_aWolumin _bnc _2rdacarrier |
||
| 380 | _aKsiążki | ||
| 380 | _aPublikacje dydaktyczne | ||
| 385 |
_mPoziom nauczania _aSzkoły wyższe |
||
| 388 | _a2001- | ||
| 504 | _aBibliogr. s. 443-446. | ||
| 650 | 7 |
_aGeodezja _2DBN |
|
| 655 | 7 |
_aPodręcznik _2DBN |
|
| 658 | _aGeografia i nauki o Ziemi | ||
| 710 | 2 |
_aWydawnictwo Uniwersytetu Warmińsko-Mazurskiego (Olsztyn) _4pbl |
|
| 856 |
_uhttp://koha.tu.koszalin.pl/cgi-bin/koha/opac-detail.pl?biblionumber=53147 _yKatalog online BPK |
||
| 942 |
_2UKD _cKS |
||
| 999 |
_c53147 _d53147 |
||